Statistics for American or Asian Countries by GDP

Click here to take the quiz!

General Stats

  • This quiz has been taken 19 times
  • The average score is 22 of 25

Answer Stats

GDPCountry% Correct
$1.2 TArgentina
100%
$3.7 TBrazil
100%
$30.1 TChina
100%
$3.9 TIndonesia
100%
$6.1 TJapan
100%
$2.7 TSouth Korea
100%
$2.2 TCanada
94%
$582 BChile
94%
$11.7 TIndia
94%
$2.9 TMexico
94%
$1.4 TPakistan
94%
$1.6 TTaiwan
94%
$25.3 TUnited States
94%
$940 BColombia
89%
$1.4 TThailand
89%
$1.2 TVietnam
89%
$1.5 TIran
83%
$1.0 TMalaysia
83%
$2.0 TSaudi Arabia
83%
$701 BSingapore
83%
$1.1 TBangladesh
78%
$1.1 TPhilippines
78%
$3.2 TTurkey
78%
$779 BUnited Arab Emirates
78%
$590 BKazakhstan
44%

Score Distribution

Percentile by Number Answered

Percent of People with Each Score

Your Score History

You have not taken this quiz